Servicio de Recaudación de Contribuciones del Estado
Descripción Física:
78 p. ; 18 x 24 cm
MARC
| LEADER | 00000nam a2200000Ia 4500 | ||
|---|---|---|---|
| 001 | 7849 | ||
| 008 | 160829s1928 xx 000 0 cat d | ||
| 080 | |a M-3-83 | ||
| 110 | 1 | |a Barcelona (Catalunya : Província). |b Servicio de Recaudación de Contribuciones e Impuestos del Estado |9 56564 | |
| 245 | |a Servicio de Recaudación de Contribuciones del Estado | ||
| 260 | |a Barcelona : |b (Imp. Casa Caritat), |c 1928 | ||
| 300 | |a 78 p. ; |c 18 x 24 cm | ||
| 590 | |a Abans del títol: Diputación Provincial de Barcelona. | ||
| 610 | 1 | 0 | |9 56564 |a Barcelona (Catalunya : Província). |b Servicio de Recaudación de Contribuciones e Impuestos del Estado |
| 901 | |a Arxiu | ||
| 942 | |n 1 |2 udc | ||
| 952 | |0 0 |1 0 |4 0 |6 M383 |7 1 |9 42500 |a Arxiu |b Arxiu |d 2016-12-01 |l 0 |o M-3-83 |p 7849 |r 2016-12-01 00:00:00 |w 2016-12-01 |y ARXIU | ||
| 999 | |c 45005 |d 45005 | ||